| 000 | 00704nam a2200241Ia 4500 | ||
|---|---|---|---|
| 003 | OSt | ||
| 005 | 20221005072216.0 | ||
| 006 | a|||||r|||| 00| 0 | ||
| 007 | ta | ||
| 008 | 221004b |||||||| |||| 00| 0 eng d | ||
| 024 | _a32306 | ||
| 037 | _cTextual | ||
| 040 |
_aCRL _cCRL _beng |
||
| 041 |
_2eng _aeng |
||
| 082 | _aF555 .2 'N6, K6 | ||
| 245 | 0 | _aFirst get-together of research and Industry, Dec. 20-21 1965 | |
| 260 |
_aNew Delhi _bCouncil of Scientific and Industrial Research India _c1966 |
||
| 300 |
_a21p. _ccm. |
||
| 490 | _aCouncil of Scientific and Industrial Research, | ||
| 650 | _aTECHNOLOGY | ||
| 942 |
_hF555 .2 'N6, K6 _cTEXL _2cc |
||
| 999 |
_c979030 _d979030 |
||